Dějiny školství a pedagogiky v Československu Díl 1 České a slovenské školství a pedagogika v letech 1918-1928 /
Uložené v:
| Hlavný autor: | |
|---|---|
| Médium: | Kniha |
| Jazyk: | Czech |
| Vydané: |
Brno :
Universita J.E. Purkyně,
1971.
|
| Vydanie: | 1. vyd. |
| Edícia: | Spisy pedagogické fakulty UJEP v Brně
|
| ISBN: |
(brož.) |
| Fyzický popis: |
224 s. |
| Tagy: |
Pridať tag
Žiadne tagy, Buďte prvý kto otaguje tento záznam!
|
Titul je dostupný aj v ... 

MARC
| LEADER | 00000cam a22000007a 4500 | ||
|---|---|---|---|
| 001 | 000105430 | ||
| 005 | 20100717191359.0 | ||
| 008 | 960327s1971 xr cze d | ||
| 020 | |a (brož.) |c Kčs 27,00 | ||
| 040 | |a SVKKK |b slo |c SVKKK |e AACR2 | ||
| 041 | 0 | |a cze | |
| 044 | |a xr |c CZ | ||
| 100 | 1 | |a Kopáč, Jaroslav, |d 1898-1987 |4 aut | |
| 245 | 1 | 0 | |a Dějiny školství a pedagogiky v Československu |n Díl 1 |p České a slovenské školství a pedagogika v letech 1918-1928 / |c Jaroslav Kopáč. |
| 250 | |a 1. vyd. | ||
| 260 | |a Brno : |b Universita J.E. Purkyně, |c 1971. | ||
| 300 | |a 224 s. | ||
| 490 | 1 | |a Spisy pedagogické fakulty UJEP v Brně | |
| 830 | 0 | |a Spisy pedagogické fakulty UJEP v Brně | |
| 910 | |a svkkk | ||
| 998 | |a BK | ||
| 090 | |g SCKHL |k Sklad Pribinova 1. posch. |a IV.70455 |j 471022 |i 2720213982 |s Absenčne | ||